Handbook of First Aid (Record no. 367390)

MARC details
000 -LEADER
fixed length control field 00411nam a22001697a 4500
005 - DATE AND TIME OF LATEST TRANSACTION
control field 20250828133512.0
008 - FIXED-LENGTH DATA ELEMENTS--GENERAL INFORMATION
fixed length control field 250822b |||||||| |||| 00| 0 eng d
020 ## - INTERNATIONAL STANDARD BOOK NUMBER
International Standard Book Number 978-93-92242-15-1
041 ## - LANGUAGE CODE
Language code of text/sound track or separate title Eng
082 ## - DEWEY DECIMAL CLASSIFICATION NUMBER
Classification number F 610.7304 SHA DB1389
100 ## - MAIN ENTRY--PERSONAL NAME
Author Sharma Shaveta
245 ## - TITLE STATEMENT
Title Handbook of First Aid
260 ## - PUBLICATION, DISTRIBUTION, ETC.
Name of publisher, distributor, etc. VHS Publishers
Date of publication, distribution, etc. 2022
Place of publication, distribution, etc. Punjab
300 ## - PHYSICAL DESCRIPTION
Extent 182p
365 ## - TRADE PRICE
Price amount Rs.325.00
942 ## - ADDED ENTRY ELEMENTS (KOHA)
Koha item type Donated Book
Holdings
Withdrawn status Lost status Source of classification or shelving scheme Damaged status Not for loan Home library Current library Date acquired Net Price Bill number Full call number Barcode Date last seen Bill Date Koha item type Original Barcode
    Dewey Decimal Classification     Smt. Bakul Tambat Institute of Nursing Education Smt. Bakul Tambat Institute of Nursing Education 22/08/2025 325.00 IK#2025-26#666 F 610.7304 SHA DB1389 BTIN-DB-1389 22/08/2025 22/08/2025 Donated Book DB1389